000 00399nam a22001337a 4500
082 _a940.4
_bEAD
100 _aEady, H.G
_949411
245 _ahistorical Illustrations of field service regulations, "Operations," 1929
_c H.G. Eady,
260 _aLondon
_c1930Sifton Praed & Co. Ltd.
300 _axv, 275 p, :
526 _a0
_b0
_c0
_d940_400000000000000_EAD
650 _aMCE
_9379
942 _2ddc
_cBK
999 _c552196
_d552196